| 000 | 00503nam a2200169Ia 4500 | ||
|---|---|---|---|
| 008 | 090201s9999 xx 000 0 und d | ||
| 010 | _aKPL-45345 | ||
| 040 | _bमराठी | ||
| 041 | _aमराठी | ||
| 082 |
_a10682 _b45345 |
||
| 100 | _aवि स वाळिंबे | ||
| 245 |
_aनेताजी _cवि स वाळिंबे |
||
| 260 |
_c2004 _bमेहता पब्लिशिंग |
||
| 300 |
_a536 _bमोठा |
||
| 600 | _aनेताजी | ||
| 942 | _cBOOK | ||
| 999 |
_c211115 _d211115 |
||